| 000 -LEADER |
| fixed length control field |
00823cam a2200229 i 4500 |
| 001 - CONTROL NUMBER |
| control field |
18345117 |
| 005 - DATE AND TIME OF LATEST TRANSACTION |
| control field |
20211220134119.0 |
| 006 - FIXED-LENGTH DATA ELEMENTS--ADDITIONAL MATERIAL CHARACTERISTICS |
| fixed length control field |
m |o d | |
| 008 - FIXED-LENGTH DATA ELEMENTS--GENERAL INFORMATION |
| fixed length control field |
141023s2015 nju ob 001 0 Eng |
| 020 ## - INTERNATIONAL STANDARD BOOK NUMBER |
| Canceled/invalid ISBN |
9781118568491 |
| 041 ## - LANGUAGE CODE |
| Language code of text/sound track or separate title |
Eng |
| 080 ## - UNIVERSAL DECIMAL CLASSIFICATION NUMBER |
| Universal Decimal Classification number |
729.29 E-70 |
| 100 1# - MAIN ENTRY--PERSONAL NAME |
| Personal name |
Ermann, Michael |
| Fuller form of name |
(Michael A.) |
| 9 (RLIN) |
9011 |
| 245 10 - TITLE STATEMENT |
| Title |
Architectural acoustics illustrated / |
| Statement of responsibility, etc. |
Michael Ermann. |
| 264 #1 - PRODUCTION, PUBLICATION, DISTRIBUTION, MANUFACTURE, AND COPYRIGHT NOTICE |
| Place of production, publication, distribution, manufacture |
Hoboken, New Jersey : |
| Name of producer, publisher, distributor, manufacturer |
Wiley, |
| Date of production, publication, distribution, manufacture, or copyright notice |
2015. |
| 300 ## - PHYSICAL DESCRIPTION |
| Extent |
249 p. |
| Other physical details |
28 cm. |
| 653 ## - INDEX TERM--UNCONTROLLED |
| keyword |
ტექნოლოგია და ინჟინერია |
| 653 ## - INDEX TERM--UNCONTROLLED |
| keyword |
არქიტექტურული აკუსტიკა |
| 653 ## - INDEX TERM--UNCONTROLLED |
| keyword |
Архитектурная акустика |
| 856 40 - ELECTRONIC LOCATION AND ACCESS |
| Materials specified |
Cover image |
| Uniform Resource Identifier |
http://catalogimages.wiley.com/images/db/jimages/9781118568491.jpg |
| 942 ## - ADDED ENTRY ELEMENTS (KOHA) |
| Source of classification or shelving scheme |
|
| Koha item type |
წიგნი |